[Event "Tirol Landesliga 2223"]
[Site "Austria"]
[Date "2023.02.12"]
[Round "6.6"]
[White "Schwarz, Benedikt"]
[Black "Streiter, Gerhard"]
[Result "0-1"]
[WhiteElo "1834"]
[BlackElo "1955"]
[PlyCount "58"]
[EventDate "2022.10.01"]
[EventType "team-tourn"]
[EventRounds "9"]
[EventCountry "AUT"]
[SourceTitle "EXT 2024"]
[Source "ChessBase"]
[SourceDate "2023.10.10"]
[SourceVersion "1"]
[SourceVersionDate "2023.10.10"]
[SourceQuality "1"]
[WhiteTeam "Absam"]
[BlackTeam "Schwaz"]
[WhiteTeamCountry "AUT"]
[BlackTeamCountry "AUT"]

1. d4 Nf6 2. Bf4 d5 3. e3 c5 4. c3 Nc6 5. Nd2 e6 6. Ngf3 cxd4 7. exd4 Nh5 8. Bg5 f6 9. Be3 Bd6 10. Ne5 g6 11. Nxc6 bxc6 12. g3 0-0 13. Bd3 Ng7 14. Bh6 Re8 15. Bxg7 Kxg7 16. 0-0 e5 17. c4 e4 18. Be2 Bh3 19. Re1 a5 20. c5 Bc7 21. Nf1 f5 22. Qd2 f4 23. gxf4 Qh4 24. Ng3 Bxf4 25. Qc3 e3 26. Bf1 exf2+ 27. Kxf2 Bxf1 28. Kxf1 Qxh2 29. Ne2 Be3 0-1

[Event "AUT-ch Zwisch Internet"]
[Site "Playchess.com INT"]
[Date "2020.05.02"]
[Round "11"]
[White "Streiter, Gerhard"]
[Black "Mayrhuber, Nikola"]
[Result "1-0"]
[WhiteElo "1964"]
[BlackElo "2025"]
[PlyCount "89"]
[EventDate "2020.05.02"]
[EventType "swiss (blitz)"]
[EventRounds "13"]
[EventCountry "AUT"]
[SourceTitle "CBM 195 Extra"]
[Source "ChessBase"]
[SourceDate "2020.05.31"]
[SourceVersion "1"]
[SourceVersionDate "2020.05.31"]
[SourceQuality "1"]

1. e4 e6 2. d4 d5 3. Nc3 Nf6 4. e5 Nfd7 5. f4 c5 6. Nf3 Nc6 7. Be3 a6 8. Qd2 b5 9. dxc5 Bxc5 10. Bd3 Qb6 11. Bf2 b4 12. Na4 Bxf2+ 13. Qxf2 Qxf2+ 14. Kxf2 a5 15. Bb5 Na7 16. Bd3 Nc6 17. Ke3 Ba6 18. Rhd1 Ke7 19. Nd4 Nxd4 20. Kxd4 Rhc8 21. Rac1 Ra7 22. Bxa6 Rxa6 23. c4 dxc4 24. Rxc4 Rd8 25. Ke3 Nb6 26. Rc7+ Rd7 27. Rcxd7+ Nxd7 28. Rxd7+ Kxd7 29. Nc5+ Kc6 30. Nxa6 Kb6 31. Nb8 Kc7 32. Na6+ Kb6 33. Nxb4 axb4 34. Kd4 Kb5 35. Kd3 Kc5 36. a3 f6 37. a4 fxe5 38. fxe5 Kd5 39. b3 Kxe5 40. Kc4 Kf4 41. a5 e5 42. a6 e4 43. a7 e3 44. a8Q e2 45. Qf3+ 1-0

[Event "AUT-ch Zwisch Internet"]
[Site "Playchess.com INT"]
[Date "2020.05.02"]
[Round "8"]
[White "Streiter, Gerhard"]
[Black "Mira, Helene"]
[Result "1/2-1/2"]
[WhiteElo "1964"]
[BlackElo "2082"]
[PlyCount "104"]
[EventDate "2020.05.02"]
[EventType "swiss (blitz)"]
[EventRounds "13"]
[EventCountry "AUT"]
[SourceTitle "CBM 195 Extra"]
[Source "ChessBase"]
[SourceDate "2020.05.31"]
[SourceVersion "1"]
[SourceVersionDate "2020.05.31"]
[SourceQuality "1"]

1. e4 d6 2. d4 Nf6 3. Nc3 c6 4. f4 Qa5 5. Bd3 e5 6. Nf3 Bg4 7. Be3 Nbd7 8. h3 Bxf3 9. Qxf3 exd4 10. Bxd4 Qb4 11. Bxf6 Nxf6 12. 0-0-0 0-0-0 13. e5 dxe5 14. fxe5 Nd5 15. Nxd5 Rxd5 16. Rhe1 g6 17. Kb1 Qe7 18. Bc4 Rxd1+ 19. Rxd1 Bg7 20. Qxf7 Qxf7 21. Bxf7 Bxe5 22. Be6+ Kc7 23. Rd7+ Kb6 24. a3 h5 25. g4 hxg4 26. hxg4 g5 27. Bf5 a5 28. a4 Rh1+ 29. Ka2 Rh2 30. Kb3 Rf2 31. c3 Bf4 32. Rd1 Kc5 33. Bc8 b5 34. axb5 cxb5 35. Be6 a4+ 36. Ka2 Bd2 37. Bf5 Bxc3 38. Rc1 Rxb2+ 39. Ka3 b4+ 40. Kxa4 Re2 41. Kb3 Rb2+ 42. Ka4 Kc4 43. Be6+ Kd3 44. Bf5+ Kd2 45. Rb1 Ra2+ 46. Kb3 Ra5 47. Kc4 Re5 48. Kb3 Rd5 49. Bc2 Rd4 50. Rd1+ Ke3 51. Rxd4 Kxd4 52. Bf5 Ke3 1/2-1/2

[Event "AUT-ch Zwisch Internet"]
[Site "Playchess.com INT"]
[Date "2020.05.02"]
[Round "2"]
[White "Streiter, Gerhard"]
[Black "Pirker, Christian"]
[Result "0-1"]
[WhiteElo "1964"]
[BlackElo "2167"]
[PlyCount "78"]
[EventDate "2020.05.02"]
[EventType "swiss (blitz)"]
[EventRounds "13"]
[EventCountry "AUT"]
[SourceTitle "CBM 195 Extra"]
[Source "ChessBase"]
[SourceDate "2020.05.31"]
[SourceVersion "1"]
[SourceVersionDate "2020.05.31"]
[SourceQuality "1"]

1. e4 e5 2. Bc4 Nf6 3. d3 Nc6 4. Nf3 Be7 5. 0-0 0-0 6. Re1 d6 7. a4 Be6 8. Nbd2 Qd7 9. c3 Rae8 10. a5 a6 11. b4 Na7 12. Qb3 Bxc4 13. Qxc4 Qc6 14. Qb3 Nh5 15. Nf1 Nf4 16. Bxf4 exf4 17. d4 Bf6 18. e5 Bd8 19. N1d2 d5 20. c4 dxc4 21. Qxc4 Qxc4 22. Nxc4 Nb5 23. d5 Be7 24. Rab1 Rd8 25. d6 cxd6 26. exd6 Bxd6 27. h3 h6 28. Re4 Nc3 29. Nxd6 Rxd6 30. Ree1 Nxb1 31. Rxb1 Rfd8 32. Kh2 Rd1 33. Rb2 Rf1 34. h4 Rdd1 35. Kh3 f5 36. g3 fxg3 37. Kxg3 Rd5 38. Kg2 Rc1 39. h5 f4 0-1

[Event "AUT-ch Vor3 Internet"]
[Site "Playchess.com INT"]
[Date "2020.04.17"]
[Round "2"]
[White "Hiermann, Dietmar"]
[Black "Streiter, Gerhard"]
[Result "1/2-1/2"]
[WhiteElo "2250"]
[BlackElo "1973"]
[PlyCount "100"]
[EventDate "2020.04.17"]
[EventType "swiss (blitz)"]
[EventRounds "9"]
[EventCountry "AUT"]
[SourceTitle "CBM 195 Extra"]
[Source "ChessBase"]
[SourceDate "2020.05.31"]
[SourceVersion "1"]
[SourceVersionDate "2020.05.31"]
[SourceQuality "1"]

1. e4 c5 2. Nf3 d6 3. d4 cxd4 4. Nxd4 Nf6 5. Nc3 g6 6. Be2 Bg7 7. 0-0 0-0 8. Be3 Nc6 9. f4 Qb6 10. Qd2 Nxe4 11. Nxe4 Bxd4 12. Bxd4 Qxd4+ 13. Qxd4 Nxd4 14. Bd3 Bd7 15. c3 Nc6 16. Rfe1 a6 17. Rad1 Rad8 18. Be2 Kg7 19. Bf3 h6 20. Nf2 Rfe8 21. Nd3 Be6 22. a3 h5 23. g3 Bg4 24. Kf2 Bxf3 25. Kxf3 e5 26. Kf2 f5 27. Nc1 e4 28. Ne2 Kf6 29. b4 d5 30. Rd2 Rd7 31. Red1 Red8 32. Ke3 Ke6 33. a4 b5 34. axb5 axb5 35. Ra2 Rd6 36. Ra6 d4+ 37. Nxd4+ Nxd4 38. Rxd6+ Rxd6 39. cxd4 Kd5 40. Rc1 Rc6 41. Rc5+ Rxc5 42. dxc5 Kc6 43. Kd4 Kc7 44. h3 Kc6 45. g4 hxg4 46. hxg4 Kc7 47. gxf5 gxf5 48. Kc3 Kc6 49. Kd2 Kc7 50. Ke2 Kc6 1/2-1/2

[Event "AUT-ch Vor1 Internet"]
[Site "Playchess.com INT"]
[Date "2020.04.11"]
[Round "8"]
[White "Leaua, Cristinel Costel"]
[Black "Streiter, Gerhard"]
[Result "1-0"]
[WhiteElo "2045"]
[BlackElo "1964"]
[PlyCount "113"]
[EventDate "2020.04.11"]
[EventType "swiss (blitz)"]
[EventRounds "9"]
[EventCountry "AUT"]
[SourceTitle "CBM 195 Extra"]
[Source "ChessBase"]
[SourceDate "2020.05.31"]
[SourceVersion "1"]
[SourceVersionDate "2020.05.31"]
[SourceQuality "1"]

1. e4 c5 2. Nf3 d6 3. d4 cxd4 4. Nxd4 Nf6 5. Nc3 g6 6. Bc4 Bg7 7. 0-0 0-0 8. Bg5 Nc6 9. Nxc6 bxc6 10. Qd2 Rb8 11. Bh6 Rxb2 12. Bxg7 Kxg7 13. Bb3 Qa5 14. Rfe1 Be6 15. h3 c5 16. Qe3 c4 17. Na4 cxb3 18. Nxb2 bxa2 19. c4 Rb8 20. Qe2 Qc3 21. Rxa2 a5 22. Rea1 a4 23. Nxa4 Qxc4 24. Qxc4 Bxc4 25. Rb2 Rd8 26. Rb4 d5 27. exd5 Bxd5 28. Rd1 e6 29. Nb6 Rd6 30. Nxd5 Nxd5 31. Rb7 h5 32. Rd4 Kf6 33. f4 Ra6 34. Rc4 Ra2 35. g4 hxg4 36. hxg4 Ra1+ 37. Kh2 Rf1 38. g5+ Kg7 39. Kg3 Rg1+ 40. Kf2 Ra1 41. Rd4 Ra2+ 42. Kg3 Ra3+ 43. Kh4 Ra1 44. Rc4 Rh1+ 45. Kg3 Rg1+ 46. Kf2 Ra1 47. Rb8 Ra2+ 48. Kg3 Ra3+ 49. Kh4 Ra1 50. Rcc8 Ne7 51. Re8 Ra7 52. Ra8 Rb7 53. Rh8 Rc7 54. Kg4 Rd7 55. Rh1 Rc7 56. Rah8 Rd7 57. R1h7# 1-0

[Event "AUT-ch Vor1 Internet"]
[Site "Playchess.com INT"]
[Date "2020.04.11"]
[Round "6"]
[White "Meglitsch, Konstantin"]
[Black "Streiter, Gerhard"]
[Result "1-0"]
[WhiteElo "2041"]
[BlackElo "1964"]
[PlyCount "73"]
[EventDate "2020.04.11"]
[EventType "swiss (blitz)"]
[EventRounds "9"]
[EventCountry "AUT"]
[SourceTitle "CBM 195 Extra"]
[Source "ChessBase"]
[SourceDate "2020.05.31"]
[SourceVersion "1"]
[SourceVersionDate "2020.05.31"]
[SourceQuality "1"]

1. e4 c5 2. Nc3 Nc6 3. g3 g6 4. d3 Bg7 5. Be3 d6 6. Qd2 e6 7. Bg2 Rb8 8. Nge2 b5 9. 0-0 b4 10. Nd1 Nge7 11. d4 c4 12. f4 d5 13. c3 a5 14. g4 f5 15. exf5 exf5 16. gxf5 Nxf5 17. Ng3 0-0 18. Nxf5 Bxf5 19. Nf2 Re8 20. Rfe1 Qd7 21. Nh1 Be4 22. Bxe4 Rxe4 23. Ng3 Re7 24. f5 gxf5 25. Bg5 Rf7 26. Re2 Bf6 27. Bh6 Re8 28. Rae1 Rfe7 29. Nh5 Bh4 30. Rg2+ Kh8 31. Rxe7 Rxe7 32. Bg7+ Rxg7 33. Rxg7 Qe6 34. Rg2 Be1 35. Qe2 Qxe2 36. Rxe2 Bh4 37. Re8# 1-0

[Event "AUT-ch Vor1 Internet"]
[Site "Playchess.com INT"]
[Date "2020.04.11"]
[Round "5"]
[White "Streiter, Gerhard"]
[Black "Balint, Peter1111"]
[Result "1-0"]
[WhiteElo "1964"]
[BlackElo "2105"]
[PlyCount "123"]
[EventDate "2020.04.11"]
[EventType "swiss (blitz)"]
[EventRounds "9"]
[EventCountry "AUT"]
[SourceTitle "CBM 195 Extra"]
[Source "ChessBase"]
[SourceDate "2020.05.31"]
[SourceVersion "1"]
[SourceVersionDate "2020.05.31"]
[SourceQuality "1"]

1. e4 e5 2. Bc4 Nf6 3. d3 Nc6 4. Nf3 d5 5. exd5 Nxd5 6. 0-0 Be6 7. Re1 Bd6 8. Nbd2 0-0 9. a4 a6 10. c3 Kh8 11. Ne4 f5 12. Nfg5 Bg8 13. Nxd6 cxd6 14. Nxh7 Bxh7 15. Bxd5 Rb8 16. Qh5 Qf6 17. Bg5 Qg6 18. Qh4 f4 19. Be4 Rf5 20. Bxf5 Qxf5 21. Rad1 Rf8 22. f3 Kg8 23. Qg4 Qf7 24. d4 Bf5 25. Qh4 Qg6 26. d5 Na5 27. b4 Nc4 28. Be7 Re8 29. g4 Ne3 30. Rc1 Kf7 31. Bg5 Bd7 32. Rxe3 fxe3 33. Bxe3 e4 34. f4 Bxg4 35. Kf2 Bf3 36. Rg1 Qh6 37. Qg3 Rh8 38. f5 Qxh2+ 39. Qxh2 Rxh2+ 40. Kg3 Re2 41. Bd4 g6 42. fxg6+ Kxg6 43. Kf4+ Kh6 44. Rg7 Rd2 45. Rxb7 Rh2 46. b5 Rh4+ 47. Ke3 axb5 48. axb5 Rh1 49. Rd7 Re1+ 50. Kf4 Rb1 51. b6 Rb5 52. Rxd6+ Kh7 53. c4 Rb4 54. Rc6 Rb3 55. d6 Kg6 56. d7+ Kh7 57. d8Q Rxb6 58. Rxb6 Bg4 59. Qh4+ Kg8 60. Qxg4+ Kf7 61. Qg7+ Ke8 62. Rb8# 1-0

[Event "AUT-ch Vor1 Internet"]
[Site "Playchess.com INT"]
[Date "2020.04.11"]
[Round "9"]
[White "Streiter, Gerhard"]
[Black "Lammer, Michael"]
[Result "1-0"]
[WhiteElo "1964"]
[BlackElo "1499"]
[PlyCount "71"]
[EventDate "2020.04.11"]
[EventType "swiss (blitz)"]
[EventRounds "9"]
[EventCountry "AUT"]
[SourceTitle "CBM 195 Extra"]
[Source "ChessBase"]
[SourceDate "2020.05.31"]
[SourceVersion "1"]
[SourceVersionDate "2020.05.31"]
[SourceQuality "1"]

1. e4 e5 2. Bc4 d6 3. Nf3 Nf6 4. d3 Be6 5. Bxe6 fxe6 6. 0-0 Be7 7. Nc3 0-0 8. d4 exd4 9. Nxd4 e5 10. Ne6 Qd7 11. Nxf8 Bxf8 12. Bg5 Be7 13. Bxf6 Bxf6 14. Nd5 Nc6 15. Nxf6+ gxf6 16. Qd5+ Kg7 17. c3 Rg8 18. f4 Kh8 19. f5 Qg7 20. Qd2 Qg4 21. Rae1 Na5 22. b3 Nc6 23. Rf3 Qg7 24. Rg3 Qf7 25. Rxg8+ Qxg8 26. Re3 Nd8 27. Rg3 Qf7 28. Qd5 Qf8 29. a4 c6 30. Qc4 d5 31. exd5 b6 32. dxc6 Nf7 33. c7 Nd6 34. Qe6 Ne4 35. c8Q Qxc8 36. Qxc8# 1-0

[Event "AUT-ch Vor1 Internet"]
[Site "Playchess.com INT"]
[Date "2020.04.11"]
[Round "4"]
[White "Streiter, Gerhard"]
[Black "Maister, Dieter"]
[Result "1-0"]
[WhiteElo "1964"]
[BlackElo "1851"]
[PlyCount "101"]
[EventDate "2020.04.11"]
[EventType "swiss (blitz)"]
[EventRounds "9"]
[EventCountry "AUT"]
[SourceTitle "CBM 195 Extra"]
[Source "ChessBase"]
[SourceDate "2020.05.31"]
[SourceVersion "1"]
[SourceVersionDate "2020.05.31"]
[SourceQuality "1"]

1. e4 c6 2. Nc3 d5 3. Nf3 Bg4 4. h3 Bxf3 5. Qxf3 dxe4 6. Nxe4 Nd7 7. d4 Ngf6 8. Bd3 h6 9. 0-0 e6 10. c3 Be7 11. Re1 0-0 12. Bf4 Nxe4 13. Qxe4 Nf6 14. Qe2 Re8 15. Be5 c5 16. Rad1 cxd4 17. Bxd4 Qc7 18. Be5 Qa5 19. a3 Rad8 20. Bb5 Rxd1 21. Rxd1 Rd8 22. Rd4 a6 23. Bd3 Nd7 24. Bd6 Bf6 25. Bb4 Qc7 26. Bd6 Qb6 27. Qe4 g6 28. Bf4 Bxd4 29. cxd4 Kg7 30. Be3 Qxb2 31. h4 h5 32. Qf4 Rh8 33. Qc7 Qxa3 34. Bxg6 Kxg6 35. Qxd7 Rf8 36. Qxb7 a5 37. Qe4+ Kg7 38. Qe5+ Kh7 39. Qxh5+ Kg7 40. Qh6+ Kg8 41. Qg5+ Kh7 42. Qh6+ Kg8 43. Qg5+ Kh7 44. Qh5+ Kg8 45. Bh6 Qa1+ 46. Kh2 Qxd4 47. Qg5+ Kh7 48. Bxf8 Qd6+ 49. Bxd6 Kh8 50. Be5+ Kh7 51. Qg7# 1-0

[Event "AUT-ch"]
[Site "St Johann im Pongau"]
[Date "2016.07.27"]
[Round "5"]
[White "Streiter, Gerhard"]
[Black "Gutmann, Alois"]
[Result "1/2-1/2"]
[WhiteElo "2005"]
[BlackElo "2100"]
[PlyCount "95"]
[EventDate "2016.07.23"]
[EventType "swiss"]
[EventRounds "9"]
[EventCountry "AUT"]
[SourceTitle "CBM 173 Extra"]
[Source "ChessBase"]
[SourceDate "2016.08.29"]
[SourceVersion "1"]
[SourceVersionDate "2016.08.29"]
[SourceQuality "1"]

1. e4 c5 2. Nf3 a6 3. c3 d6 4. d4 Qc7 5. Bd3 g6 6. 0-0 Bg7 7. h3 Nf6 8. e5 dxe5 9. dxe5 Nd5 10. Re1 e6 11. Be4 0-0 12. Bxd5 exd5 13. Qxd5 Rd8 14. Qe4 Bf5 15. Qh4 Nc6 16. Bf4 Qb6 17. Nbd2 Qxb2 18. Nc4 Qxc3 19. Rac1 Qb4 20. Nd6 Nd4 21. Nxd4 cxd4 22. Nxf5 gxf5 23. Rb1 Qa5 24. Bg5 Re8 25. Bf6 Bxf6 26. Qxf6 Re6 27. Qxf5 Rae8 28. Re4 Qd5 29. Rd1 d3 30. Rxd3 Qxa2 31. Rd7 Rg6 32. e6 f6 33. Rg4 Qa1+ 34. Kh2 Qe5+ 35. Qxe5 fxe5 36. Rxg6+ hxg6 37. Rxb7 Rxe6 38. Kg3 Kf8 39. Kf3 Rc6 40. Ra7 Rc3+ 41. Ke4 Rc2 42. Kxe5 Rxf2 43. Rxa6 Rxg2 44. Kf6 Kg8 45. Ra7 Rg3 46. h4 Rg4 47. Rg7+ Kh8 48. Rxg6 1/2-1/2

[Event "AUT-chT2W 1415"]
[Site "Austria"]
[Date "2014.11.30"]
[Round "5.6"]
[White "Streiter, Gerhard"]
[Black "Ljubic, Juro"]
[Result "0-1"]
[WhiteElo "1994"]
[BlackElo "2238"]
[PlyCount "56"]
[EventDate "2014.10.10"]
[EventType "team-tourn"]
[EventRounds "11"]
[EventCountry "AUT"]
[SourceTitle "CBM 163 Extra"]
[Source "ChessBase"]
[SourceDate "2014.12.23"]
[SourceVersion "1"]
[SourceVersionDate "2014.12.23"]
[SourceQuality "1"]
[WhiteTeam "Schwaz"]
[BlackTeam "Schwarzach"]
[WhiteTeamCountry "AUT"]
[BlackTeamCountry "AUT"]

1. e4 c5 2. Nf3 Nc6 3. Bb5 g6 4. Bxc6 dxc6 5. d3 Bg7 6. h3 Nf6 7. Nc3 0-0 8. Be3 b6 9. Qd2 a5 10. a4 Qc7 11. Bh6 Nh5 12. Bxg7 Kxg7 13. 0-0 e5 14. Ne2 Ba6 15. g4 Nf6 16. b3 Rad8 17. Qe3 h5 18. Ng3 Bc8 19. gxh5 Bxh3 20. h6+ Kh8 21. Rfe1 Nh7 22. Ng5 Bc8 23. Kg2 Qe7 24. Nxh7 Kxh7 25. Re2 Rde8 26. f4 Qh4 27. fxe5 Bh3+ 28. Kg1 Rxe5 0-1

[Event "AUT-chT2W 1415"]
[Site "Austria"]
[Date "2014.10.12"]
[Round "3.1"]
[White "Georgiev, Georgi"]
[Black "Streiter, Gerhard"]
[Result "1/2-1/2"]
[WhiteElo "2101"]
[BlackElo "1994"]
[PlyCount "156"]
[EventDate "2014.10.10"]
[EventType "team-tourn"]
[EventRounds "11"]
[EventCountry "AUT"]
[SourceTitle "EXT 2015"]
[Source "ChessBase"]
[SourceDate "2014.11.20"]
[SourceVersion "1"]
[SourceVersionDate "2014.11.20"]
[SourceQuality "1"]
[WhiteTeam "Innsbruck"]
[BlackTeam "Schwaz"]
[WhiteTeamCountry "AUT"]
[BlackTeamCountry "AUT"]

1. d4 d5 2. Nf3 c6 3. c4 Nf6 4. Nc3 dxc4 5. g3 e6 6. Bg2 Be7 7. 0-0 Nbd7 8. a4 0-0 9. Nd2 e5 10. Nxc4 exd4 11. Qxd4 Bc5 12. Qd3 Qe7 13. Bf4 Nb6 14. Nd6 Rd8 15. Nxc8 Raxc8 16. Qf5 g6 17. Qc2 Nfd5 18. Bh6 Nxc3 19. Qxc3 Bd4 20. Qc2 Nd5 21. Rad1 Nb4 22. Qc4 Bg7 23. Be3 a5 24. Bb6 Rxd1 25. Rxd1 Qe5 26. b3 Re8 27. f4 Qc3 28. Bxa5 Qxc4 29. bxc4 Nc2 30. Bb6 Ne3 31. Bxe3 Rxe3 32. Kf2 Rc3 33. Rd8+ Bf8 34. Rb8 Rxc4 35. Rxb7 Bc5+ 36. e3 Rc2+ 37. Kf3 Rc3 38. Rb8+ Kg7 39. Re8 Ra3 40. Kg4 h5+ 41. Kh3 Rxa4 42. Bxc6 Ra7 43. e4 Re7 44. Rc8 Bb6 45. Bd5 Rc7 46. Rb8 Ba7 47. Rb3 Bd4 48. e5 Bc5 49. Kg2 Bd4 50. Kf1 Rd7 51. Be4 Rc7 52. Bd5 Rd7 53. Rb5 Rc7 54. Rb4 Bc5 55. Rc4 Bb6 56. Bc6 Ra7 57. Rb4 Bc5 58. Rb5 Bd4 59. Bd5 Rc7 60. h3 Rc5 61. Rxc5 Bxc5 62. Ke2 Bd4 63. Kd3 Bf2 64. g4 hxg4 65. hxg4 Bg3 66. Ke4 Be1 67. Bc4 Bd2 68. Bb3 Bc1 69. e6 fxe6 70. Bxe6 Bb2 71. g5 Bc1 72. Kf3 Bd2 73. Kg4 Bc1 74. Bc4 Bd2 75. Bd3 Bc1 76. Bxg6 Kxg6 77. f5+ Kg7 78. Kh5 Bb2 1/2-1/2

[Event "AUT-chT2W 1314"]
[Site "Austria"]
[Date "2014.03.07"]
[Round "9.6"]
[White "Huber, David"]
[Black "Streiter, Gerhard"]
[Result "1/2-1/2"]
[WhiteElo "2126"]
[BlackElo "1979"]
[PlyCount "108"]
[EventDate "2013.10.18"]
[EventType "team-tourn"]
[EventRounds "11"]
[EventCountry "AUT"]
[SourceTitle "EXT 2015"]
[Source "ChessBase"]
[SourceDate "2014.11.20"]
[SourceVersion "1"]
[SourceVersionDate "2014.11.20"]
[SourceQuality "1"]
[WhiteTeam "Schwarzach"]
[BlackTeam "Schwaz"]
[WhiteTeamCountry "AUT"]
[BlackTeamCountry "AUT"]

1. d4 d5 2. Nf3 c6 3. e3 Nf6 4. Nbd2 Bf5 5. Bd3 Bxd3 6. cxd3 e6 7. 0-0 c5 8. Nb3 Nbd7 9. dxc5 Nxc5 10. Nbd4 Bd6 11. b4 Ncd7 12. Qb3 0-0 13. Bd2 Rc8 14. Rfe1 Ne5 15. Rad1 Nxf3+ 16. Nxf3 Qc7 17. Rc1 Qb8 18. Rxc8 Rxc8 19. e4 dxe4 20. dxe4 Ng4 21. h3 Ne5 22. Nd4 Nc4 23. Bc3 b5 24. Nf3 Ne5 25. Bxe5 Bxe5 26. Qd3 Rd8 27. Qe2 h6 28. Rc1 a6 29. Nxe5 Qxe5 30. Rc5 Qd4 31. Qe1 Qd2 32. Qxd2 Rxd2 33. a3 Rd3 34. a4 bxa4 35. Ra5 Rd4 36. Rxa4 Rxe4 37. f3 Rc4 38. Kf2 a5 39. Rxa5 Rxb4 40. Ra2 h5 41. Rc2 g6 42. Ra2 Kg7 43. Rc2 g5 44. Ra2 Kg6 45. Rc2 Kf5 46. Rc5+ e5 47. Rc2 g4 48. hxg4+ hxg4 49. Rc7 f6 50. Rc6 Kg5 51. Re6 Kf5 52. Rc6 gxf3 53. gxf3 Kg5 54. Re6 Kf5 1/2-1/2

[Event "AUT-chT2W 1112"]
[Site "Austria"]
[Date "2011.10.07"]
[Round "1.6"]
[White "Streiter, Gerhard"]
[Black "De Francesco, Klaus"]
[Result "0-1"]
[WhiteElo "2021"]
[BlackElo "2353"]
[PlyCount "132"]
[EventDate "2011.10.07"]
[EventType "team-tourn"]
[EventRounds "11"]
[EventCountry "AUT"]
[SourceTitle "CBM 144 Extra"]
[Source "ChessBase"]
[SourceDate "2011.10.28"]
[SourceVersion "1"]
[SourceVersionDate "2011.10.28"]
[SourceQuality "1"]
[WhiteTeam "Schwaz"]
[BlackTeam "Absam"]
[WhiteTeamCountry "AUT"]
[BlackTeamCountry "AUT"]

1. e4 e6 2. d4 d5 3. e5 c5 4. c3 Nc6 5. Nf3 Qb6 6. a3 Nh6 7. b4 cxd4 8. cxd4 Nf5 9. Bb2 Bd7 10. g4 Nfe7 11. Bd3 Rc8 12. Qd2 h5 13. g5 g6 14. h4 Nf5 15. Bxf5 gxf5 16. Nc3 Ne7 17. 0-0 Ng6 18. Rfc1 Be7 19. Ne2 Rxc1+ 20. Rxc1 Bc6 21. Kh2 Qd8 22. Rg1 Bb5 23. Bc1 Qd7 24. Nf4 Bc4 25. Nxg6 fxg6 26. Bb2 Kf7 27. Rc1 Rc8 28. Ne1 b6 29. Ng2 Qb5 30. Ne3 a5 31. Bc3 Ra8 32. Qb2 axb4 33. Bxb4 Bxb4 34. Qxb4 Qxb4 35. axb4 b5 36. Kg2 Ra4 37. Rb1 Ra2 38. Kf3 Rd2 39. Nxc4 dxc4 40. Ke3 Rd3+ 41. Ke2 Rxd4 42. Ra1 Rxh4 43. Ra7+ Ke8 44. Ra8+ Kd7 45. Ra7+ Kc6 46. Rg7 Re4+ 47. Kd2 Rxe5 48. Rxg6 f4 49. Rg8 h4 50. g6 Rg5 51. g7 Kb7 52. Rh8 Rxg7 53. Rxh4 Rf7 54. Rh6 Rd7+ 55. Kc2 Rd3 56. Rxe6 Rb3 57. Rf6 Rxb4 58. Rxf4 Rb3 59. Rf6 Kc7 60. f3 Rd3 61. Kb2 Rd6 62. Rf5 Kc6 63. Rf8 Kc5 64. Rf5+ Rd5 65. Rf4 Kb4 66. Kc2 Rh5 0-1

[Event "AUT-chT2W 1011"]
[Site "Austria"]
[Date "2010.10.15"]
[Round "1.6"]
[White "Heinrich, Thomas"]
[Black "Streiter, Gerhard"]
[Result "1/2-1/2"]
[WhiteElo "2137"]
[BlackElo "2004"]
[PlyCount "61"]
[EventDate "2010.10.15"]
[EventType "team-tourn"]
[EventRounds "11"]
[EventCountry "AUT"]
[SourceTitle "EXT 2011"]
[Source "ChessBase"]
[SourceDate "2010.11.26"]
[SourceVersion "1"]
[SourceVersionDate "2010.11.26"]
[SourceQuality "1"]
[WhiteTeam "Jenbach II"]
[BlackTeam "Schwaz"]
[WhiteTeamCountry "AUT"]
[BlackTeamCountry "AUT"]

1. e4 c5 2. Nf3 d6 3. c3 Nf6 4. Bb5+ Bd7 5. Qe2 Bxb5 6. Qxb5+ Qd7 7. Qe2 e6 8. d4 cxd4 9. Nxd4 Nc6 10. 0-0 Be7 11. Bg5 h6 12. Bh4 0-0 13. Nd2 Nxd4 14. cxd4 Rac8 15. Rac1 Rxc1 16. Rxc1 Rc8 17. Rc3 Rxc3 18. bxc3 d5 19. e5 Ne4 20. Bxe7 Nxd2 21. Qxd2 Qxe7 22. Qb2 Qc7 23. g3 b6 24. Qb4 a5 25. Qb5 Kf8 26. Kg2 Ke7 27. f4 Qxc3 28. Qxb6 Qc2+ 29. Kh3 Qxa2 30. Qc7+ Ke8 31. Qc8+ 1/2-1/2

[Event "Tirol-ch 20th"]
[Site "Hall im Tirol "]
[Date "2009.07.02"]
[Round "6"]
[White "Widner, Stefan"]
[Black "Streiter, Gerhard"]
[Result "0-1"]
[WhiteElo "1990"]
[BlackElo "1971"]
[PlyCount "50"]
[EventDate "2009.06.27"]
[EventType "swiss"]
[EventRounds "7"]
[EventCountry "AUT"]
[SourceTitle "EXT 2011"]
[Source "ChessBase"]
[SourceDate "2010.11.26"]
[SourceVersion "1"]
[SourceVersionDate "2010.11.26"]
[SourceQuality "1"]

1. e4 c5 2. Nf3 d6 3. d4 cxd4 4. Nxd4 Nf6 5. Nc3 g6 6. Be3 Bg7 7. f3 Nc6 8. Qd2 0-0 9. 0-0-0 d5 10. exd5 Nxd5 11. Nxc6 bxc6 12. Nxd5 cxd5 13. Qxd5 Qc7 14. Qc5 Qb7 15. Qa3 Rb8 16. b3 Bf5 17. Bd3 Qc6 18. Bxf5 Qc3 19. Bd3 Rbc8 20. Bf2 Rfd8 21. Be1 Qa1+ 22. Kd2 Rxd3+ 23. cxd3 Bh6+ 24. Ke2 Qe5+ 25. Kf1 Rc2 0-1

[Event "Litomysl op"]
[Site "Litomysl"]
[Date "2006.12.30"]
[Round "6"]
[White "Streiter, Gerhard"]
[Black "Holusova, Tana"]
[Result "0-1"]
[WhiteElo "1960"]
[BlackElo "2097"]
[PlyCount "74"]
[EventDate "2006.12.26"]
[EventType "swiss"]
[EventRounds "9"]
[EventCountry "CZE"]
[SourceTitle "CBM 116 Extra"]
[Source "ChessBase"]
[SourceDate "2007.03.07"]
[SourceVersion "1"]
[SourceVersionDate "2007.03.07"]
[SourceQuality "1"]

1. e4 c5 2. Nf3 e6 3. Nc3 a6 4. d4 cxd4 5. Nxd4 b5 6. Bd3 Qb6 7. Nf3 Bc5 8. 0-0 d6 9. a4 b4 10. a5 Qc7 11. Na4 Qxa5 12. Bd2 Qc7 13. c3 Ba7 14. cxb4 Nd7 15. Rc1 Qb8 16. Re1 Ngf6 17. h3 0-0 18. Bc3 e5 19. Nh4 Nb6 20. b3 Bb7 21. Nf5 Qd8 22. Bb1 Nc8 23. Nb2 Qb6 24. Qd2 Ne8 25. Re3 Qd8 26. Rg3 Qf6 27. Nc4 Kh8 28. Rf1 Rg8 29. Kh1 Bb8 30. f4 Qe6 31. fxe5 dxe5 32. Qg5 Bc6 33. Rg4 f6 34. Qh5 Ra7 35. Qh4 Bb5 36. Rf3 Rd7 37. Rfg3 g5 0-1

[Event "Litomysl op"]
[Site "Litomysl"]
[Date "2006.12.28"]
[Round "3"]
[White "Svoboda, Vaclav1111"]
[Black "Streiter, Gerhard"]
[Result "1-0"]
[WhiteElo "2129"]
[BlackElo "1960"]
[PlyCount "71"]
[EventDate "2006.12.26"]
[EventType "swiss"]
[EventRounds "9"]
[EventCountry "CZE"]
[SourceTitle "CBM 116 Extra"]
[Source "ChessBase"]
[SourceDate "2007.03.07"]
[SourceVersion "1"]
[SourceVersionDate "2007.03.07"]
[SourceQuality "1"]

1. e4 c5 2. Nf3 d6 3. d4 cxd4 4. Nxd4 Nf6 5. Nc3 g6 6. f4 Nc6 7. Nxc6 bxc6 8. e5 Nd7 9. exd6 exd6 10. Be3 Be7 11. Be2 0-0 12. 0-0 Nf6 13. Bf3 d5 14. Ne2 Ng4 15. Bxg4 Bxg4 16. h3 Bxe2 17. Qxe2 Re8 18. Qf2 f5 19. Rad1 Qa5 20. Bd4 Bf8 21. g4 fxg4 22. f5 gxf5 23. Qxf5 Qc7 24. Qxg4+ Bg7 25. Rd3 Re4 26. Qxg7+ Qxg7+ 27. Bxg7 Kxg7 28. Rg3+ Kh8 29. Rf6 Re1+ 30. Kf2 Rae8 31. Rxc6 R1e2+ 32. Kg1 Rd2 33. Rg2 Rd1+ 34. Kh2 Rd4 35. b3 Rde4 36. a4 1-0